000
00330nam a22001337a 4500
008
170609b xxu||||| |||| 00| 0 eng d
020
_a
9780936783215
041
_a
eng
080
_a
323
100
_a
19
101
_a
SHP
245
_a
FEDERALIST PAPERS IN MODERN LANGUAGE POLITICAL ISSUES
_c
WEBSTER.M.E
942
_2
udc
_c
BK
999
_c
16610
_d
16610